| Tag |
First Indicator |
Second Indicator |
Subfields |
| LEADER |
00000cam a22000004a 4500 |
| 001 |
in00002363799 |
| 005 |
20151109040804.0 |
| 008 |
070321s2008 nyuab b 001 0ceng |
| 010 |
|
|
|a 2007011873
|
| 015 |
|
|
|a GBA7A0275
|2 bnb
|
| 016 |
7 |
|
|a 014464894
|2 Uk
|
| 020 |
|
|
|a 9780816067107
|
| 020 |
|
|
|a 0816067104
|
| 035 |
|
|
|a (OCoLC)ocn104874963
|
| 035 |
|
|
|a (OCoLC)104874963
|
| 040 |
|
|
|a DLC
|c DLC
|d BAKER
|d BTCTA
|d UKM
|d C#P
|d YDXCP
|d UtOrBLW
|
| 043 |
|
|
|a e------
|a ff-----
|a aw-----
|
| 049 |
|
|
|a TXAM
|
| 050 |
0 |
0 |
|a HQ1136
|b .L54 2008
|
| 082 |
0 |
0 |
|a 305.4092/237
|2 22
|
| 100 |
1 |
|
|a Lightman, Marjorie.
|
| 245 |
1 |
0 |
|a A to Z of ancient Greek and Roman women /
|c Marjorie Lightman and Benjamin Lightman.
|
| 250 |
|
|
|a Rev. ed.
|
| 264 |
|
1 |
|a New York :
|b Facts On File,
|c [2008]
|
| 264 |
|
4 |
|c ©2008
|
| 300 |
|
|
|a xxxiii, 398 pages :
|b illustrations, maps ;
|c 25 cm.
|
| 336 |
|
|
|a text
|b txt
|2 rdacontent
|
| 337 |
|
|
|a unmediated
|b n
|2 rdamedia
|
| 338 |
|
|
|a volume
|b nc
|2 rdacarrier
|
| 490 |
1 |
|
|a Facts on File library of world history
|
| 490 |
1 |
|
|a A to Z of women
|
| 500 |
|
|
|a Revised edition of: Biographical dictionary of ancient Greek and Roman women. 2000.
|
| 504 |
|
|
|a Includes bibliographical references (pages 371-379) and index.
|
| 650 |
|
0 |
|a Women
|z Rome
|v Biography
|v Dictionaries.
|
| 650 |
|
0 |
|a Women
|z Greece
|v Biography
|v Dictionaries.
|
| 650 |
|
0 |
|a Women
|v Biography
|y To 500
|v Dictionaries.
|
| 700 |
1 |
|
|a Lightman, Benjamin.
|
| 700 |
1 |
|
|a Lightman, Marjorie.
|t Biographical dictionary of ancient Greek and Roman women.
|
| 830 |
|
0 |
|a Facts on File library of world history.
|
| 830 |
|
0 |
|a A to Z of women.
|
| 938 |
|
|
|a Baker & Taylor
|b BKTY
|c 60.00
|d 60.00
|i 0816067104
|n 0007041085
|s active
|
| 938 |
|
|
|a Baker and Taylor
|b BTCP
|n 2007011873
|
| 938 |
|
|
|a YBP Library Services
|b YANK
|n 2556172
|
| 945 |
|
|
|a PromptCat
|b 359769
|
| 946 |
|
|
|a stk
|
| 947 |
|
|
|a A14836840011
|
| 994 |
|
|
|a 92
|b TXA
|
| 948 |
|
|
|a cataloged
|b h
|c 2008/3/24
|d c
|e asalazar
|f 12:08:13 pm
|
| 999 |
|
|
|a MARS
|
| 999 |
f |
f |
|s 35a54623-457e-3d39-b75a-a44e48a5645c
|i b9cf5654-2008-3b07-893d-c0184ed4af90
|t 0
|
| 952 |
f |
f |
|p normal
|a Texas A&M University
|b College Station
|c Sterling C. Evans Library
|d Evans: Library Stacks
|t 0
|e HQ1136 .L54 2008
|h Library of Congress classification
|i unmediated -- volume
|m A14836840011
|
| 998 |
f |
f |
|a HQ1136 .L54 2008
|t 0
|l Evans: Library Stacks
|